All Starting #1 Tight Ends In The 2024 NFL Season - Statistics

General Stats
  • This quiz has been taken 61 times
  • The average score is 19 of 32
Answer Stats
Hint Answer % Correct
San Francisco 49ers George Kittle
94%
Baltimore Ravens Mark Andrews
94%
Kansas City Chiefs Travis Kelce
94%
Detroit Lions Sam LaPorta
88%
Buffalo Bills Dalton Kincaid
80%
Atlanta Falcons Kyle Pitts
80%
Arizona Cardinals Trey McBride
80%
Washington Commanders Zach Ertz
78%
Los Vegas Raiders Brock Bowers
76%
Cleveland Browns David Njoku
76%
New England Patriots Hunter Henry
75%
Minnesota Vikings T.J. Hockenson
75%
Philadelphia Eagels Dallas Goedert
71%
Tampa Bay Buccaneers Cade Otton
69%
Green-Bay Packers Tucker Kraft
63%
Chicago Bears Cole Kmet
61%
Miami Dolphins Jonnu Smith
59%
Dallas Cowboys Jake Ferguson
57%
Seattle Seahawks Noah Fant
57%
Pittsburgh Steelers Pat Freiermuth
51%
Cincinnati Bengals Mike Gesicki
47%
New Orleans Saints Taysom Hill
45%
New York Giants Theo Johnson
43%
New York Jets Tyler Conklin
43%
Tennessee Titans Chig Okonkwo
33%
Los Angeles Chargers Will Dissly
33%
Indianapolis Colts Mo Alie-Cox
31%
Jacksonville Jaguars Evan Ingram
25%
Denver Broncos Adam Trautman
22%
Houston Texans Dalton Schults
20%
Carolina Panthers Ja'Tavion Sanders
18%
Los Angeles Rams Davis Allen
16%
No matching quizzes found
Score Distribution
Percent of People with Each Score
Percentile by Number Answered
Your Score History
You have not taken this quiz